Normal view
MARC view
- Multimodal Discourse -The Modes And Media Of Contemporary Communication
Entry Topical Term
001 - CONTROL NUMBER
- control field: 2383
003 - CONTROL NUMBER IDENTIFIER
- control field: JO-AjAnu
005 - DATE AND TIME OF LATEST TRANSACTION
- control field: 20230606070708.0
008 - FIXED-LENGTH DATA ELEMENTS
- fixed length control field: 230606|| aca||aabn | a|a d
040 ## - CATALOGING SOURCE
- Original cataloging agency: JO-AjAnu
- Transcribing agency: JO-AjAnu
150 ## - HEADING--TOPICAL TERM
- Topical term or geographic name entry element: Multimodal Discourse -The Modes And Media Of Contemporary Communication
670 ## - SOURCE DATA FOUND
- Source citation: Work cat.: (JO-AjAnu)1249: Kress,Gunther Editor /Van Leeuwen,Theo Editor , author 2382, Multimodal Discourse :The Modes And Media Of Contemporary Communication